Vývoj plodnosti žen do 25 let v České republice
Vývoj plodnosti žien do 25 rokov v ČR v období rokov 1920-2010. Podiel plodnosti žien do 25 rokov na celkovej plodnosti. Plodnosť mladých žien podľa rodinného stavu. Podiel živonarodených detí mimo manželstva ženám do 25 rokov a nad 25 rokov. Vek otca detí narodených ženám do 25 rokov.
Salvato in:
| Autore principale: | |
|---|---|
| Natura: | Capitolo di libro |
| Lingua: | ceco |
| Soggetti: | |
| Tags: |
Nessun Tag, puoi essere il primo ad aggiungerne!!
|
MARC
| LEADER | 00000naa a2200000 4500 | ||
|---|---|---|---|
| 001 | 0184958 | ||
| 005 | 20220715114614.5 | ||
| 041 | 0 | |a cze | |
| 044 | |a CZ | ||
| 245 | 1 | 0 | |a Vývoj plodnosti žen do 25 let v České republice |c Kateřina Válková |
| 520 | |a Vývoj plodnosti žien do 25 rokov v ČR v období rokov 1920-2010. Podiel plodnosti žien do 25 rokov na celkovej plodnosti. Plodnosť mladých žien podľa rodinného stavu. Podiel živonarodených detí mimo manželstva ženám do 25 rokov a nad 25 rokov. Vek otca detí narodených ženám do 25 rokov. | ||
| 610 | 2 | 0 | |a demografia |
| 610 | 2 | 0 | |a populácia |
| 610 | 2 | 0 | |a vek |
| 610 | 2 | 0 | |a ženy |
| 610 | 2 | 0 | |a deti |
| 610 | 2 | 0 | |a plodnosť |
| 610 | 2 | 0 | |a pôrodnosť |
| 610 | 2 | 0 | |a Česko |
| 100 | 1 | |a Válková, Kateřina | |